000
00220nam a22000857a 4500
008
160805b xxu||||| |||| 00| 0 eng d
100
_9
38
_a
Misra R.R
245
_a
Chemistry ICSE
260
_a
New Delhi
_b
S.Chand Publication
_c
2012
999
_c
2689
_d
2689